MDQL
is popping MORE tags! Check the
thread
!
Quizzes
Events
Quiz Creation
Community
Videos
Private Events
Remove Ads
Sign In
Join for FREE
Feedback
Dark Mode
Quiz Categories
Sports
Geography
Music
Movies
Television
Just For Fun
Miscellaneous
History
Literature
Language
Science
Gaming
Entertainment
Religion
Holiday
For Kids
Quiz Lab
Recent
Popular Today
Quiz Kudos Today
Editor Picks
Curator Picks
Quizzes by...
Day
Popularity
Type
Ratings
Length
Year
Community
Subscriptions
Recent Discussions
Orange Saloon
Badges
Playlists
Quests
Create
Leaderboards
Showdown
Live 5
Trivia Bingo
Activity
Puzzle Library
Sporcle Events
Private Events
Virtual Trivia
Globe League
Become a Host
Pub Owners
SporcleCon
Opinionation
Our Games
Videos
Blog
Mobile Apps
Partnerships
Remove Ads and Go Orange
Feedback
Just For Fun
Clickable
Get the Picture
Humor
Quick Pick
Word Ladder
Missing Word
Mixed Word
Blitz
Minefield
This or That
Alphabet
Color
Typing
Sporcle
Puzzle
Word Play
Follow That Line
Logic
Just For Fun
Clickable
Get the Picture
Humor
Quick Pick
Word Ladder
Missing Word
Mixed Word
Blitz
Minefield
This or That
Alphabet
Color
Typing
Sporcle
Puzzle
Word Play
Follow That Line
Logic
Random Quiz
Search Sporcle
×
Quiz Lab
Quiz Lab
Just For Fun
Alphabet
Type in answers that appear in a list
Type in answers that appear in a list
Classic
Best Score? Go Orange.
Alphabet speed typing Stats
Can you name the letters of the alphabet?
By
ipekili
3m
30 Questions
94 Plays
94 Plays
94 Plays
Comments
Comments
Give Quiz Kudos
Give Quiz Kudos
-
- Ratings
hide this ad
More Info
Forced Order
Answers have to be entered in order
Answers have to be entered in order
Replay
Link that replays current quiz
Next Quiz
Link to next quiz in quiz playlist
You Got
0%
They Got
Avg Score
72%
Avg Friend Score
Upgrade to see
Score Distribution
Jump to the score distribution portion of the page
Score
0/30
Timer
03:00
0
Plays Today
% Correct
abcdefghijklmnopqrstuvwxyz
95.7%
abcdefghijklmnopqrstuvwxyz
92.6%
abcdefghijklmnopqrstuvwxyz
89.4%
abcdefghijklmnopqrstuvwxyz
89.4%
abcdefghijklmnopqrstuvwxyz
88.3%
abcdefghijklmnopqrstuvwxyz
86.2%
abcdefghijklmnopqrstuvwxyz
84%
abcdefghijklmnopqrstuvwxyz
83%
abcdefghijklmnopqrstuvwxyz
81.9%
abcdefghijklmnopqrstuvwxyz
81.9%
abcdefghijklmnopqrstuvwxyz
81.9%
abcdefghijklmnopqrstuvwxyz
80.9%
abcdefghijklmnopqrstuvwxyz
80.9%
abcdefghijklmnopqrstuvwxyz
79.8%
abcdefghijklmnopqrstuvwxyz
79.8%
% Correct
abcdefghijklmnopqrstuvwxyz
79.8%
abcdefghijklmnopqrstuvwxyz
77.7%
abcdefghijklmnopqrstuvwxyz
74.5%
abcdefghijklmnopqrstuvwxyz
69.1%
abcdefghijklmnopqrstuvwxyz
66%
abcdefghijklmnopqrstuvwxyz
66%
abcdefghijklmnopqrstuvwxyz
59.6%
abcdefghijklmnopqrstuvwxyz
59.6%
abcdefghijklmnopqrstuvwxyz
56.4%
abcdefghijklmnopqrstuvwxyz
54.3%
abcdefghijklmnopqrstuvwxyz
53.8%
abcdefghijklmnopqrstuvwxyz
52.7%
abcdefghijklmnopqrstuvwxyz
49.5%
abcdefghijklmnopqrstuvwxyz
47.3%
abcdefghijklmnopqrstuvwxyz
45.2%
Quiz Playlist
Details
Report
Send in Message
Add To Playlist
More Info:
Can you type the alphabet 30 times in 3 minutes without using Ctrl + v?
Classic:
Type in answers that appear in a list
Forced Order:
Answers have to be entered in order
Last Updated: Feb 16, 2017
Quiz Scoreboard
CHALLENGE
Sign Up to Join the Scoreboard
Show All
Scores
Hide
Comments
May contain spoilers
Recently Published
Image Sorting: Flags VI
by Barbecue
Geography
2m
Find the 'City' Movie
by crazypaving
Movies
60s
Colored Red Africa Blitz
by spor1
Geography
45s
More to Explore
Quiz From the Vault
Featured Blog Post
14 Easter Pick-up Lines to Find Eggs With
hide this ad
You Might Also Like...
Tags
Alphabet Quiz
Typing Quiz
Speed
Today's Top Quizzes in Just For Fun
Browse Just For Fun
hide this ad
Today's Top Quizzes in Alphabet
Browse Alphabet
Top Contributed Quizzes in Just For Fun
1
Name Just One - 10 to 1: Just For Fun
2
Avatar the Last Airbender: Logic Puzzle
3
Missing Word: 2-Letter A-Z II
4
Missing Letter Whitney Houston Songs
5
It's Magic / Witchcraft 🎩🪄🧙♀️
6
Survivor Winners Logic Puzzle
7
Missing Word: 'Of' Things A-Z
8
01-36 Logic Puzzle I
9
Quick 5-Color Logic (18)
10
Shadowhunters Protagonists Logic Quiz
Explore More
Trending Topics
Anime
Marvel
Crossword
Disney
NBA
Kpop
Harry Potter
Pokémon
The Office
NFL
Soccer
WWE
Country
Song
Puzzle
hide this ad
More By:
ipekili
Quiz
Plays
Rating
Category
Featured
Created
1st 100 Binary numbers
291
5.00
Miscellaneous
Apr 5, 2013
Math according to Order of Operations
226
4.25
Miscellaneous
Apr 5, 2013
ASDF quiz
185
5.00
Entertainment
May 3, 2013
Alphabet speed typing
94
5.00
Just For Fun
Apr 3, 2013
Oceania by Capital for Countries and Territories
76
2.50
Geography
Apr 4, 2013
Go to Creator's Profile
Score Distribution
Quiz Creator Spotlight
ipekili
Follow
Send a Message
Quizzes Created
-
Created Quiz Play Count
-
More By This Creator
Popular Quizzes Today
1
Colored Red Africa Blitz
2
Find the US States - No Outlines Minefield
3
Find the 'City' Movie
4
5x2 Blitz: Bands
5
The Countries of the World
6
Find the US States
7
Find the Countries of Europe - No Outlines Minefield
8
US States
More Just For Fun Quizzes
Dan's Classic Triple Trees 25 (Medium)
Quiz Lab
Trending Quizzes
Colored Red Europe Blitz I
Colored Red Europe Blitz II
Colored Red Africa Blitz II
Colored Red Europe Blitz III
Colored Red Africa Blitz III
Recently Updated
How Do You Spell That?
pecheneg
Godzilla Movies
pecheneg
Grab Bag: 4-10 Letters
pecheneg
2024 March Madness Bracket
pecheneg
Famous TV Couples
Peacemaker
Champions League XIs: Real Madrid
pecheneg
Largest US Cities 1790-2010
pecheneg
Rides in Walt Disney World
pecheneg
Most Oscar Losses (Acting)
pecheneg
Beyoncé Albums
pecheneg
Trending Topics
Marvel
Harry Potter
Anime
Disney
Crossword
Kpop
NBA
Country
WWE
Soccer
NFL
Song
The Office
Pokémon
Puzzle
Your Account Isn't Verified!
In order to create a playlist on Sporcle, you need to verify the email address you used during registration. Go to your
Sporcle Settings
to finish the process.
Report this User
Report this user for behavior that violates our
Community Guidelines
.
Details:
Send Report
Go to the Sporcle.com Mobile Site →
Comments